20 najpopularniejszych nazwisk w Polsce - Statystyki

Ogólne statystyki
  • Ten quiz został rozwiązany 71 razy
  • Średni wynik to 7 z 20
Statystyki odpowiedzi
Hint Nazwisko % Poprawnych
1 Nowak
100%
2 Kowalski/Kowalska
98%
7 Lewandowski/Lewandowska
64%
5 Kowalczyk
52%
3 Wiśniewski/Wiśniewska
52%
8 Zieliński/Zielińska
36%
4 Wójcik
33%
11 Dąbrowski/Dąbrowska
31%
10 Szymański/Szymańska
24%
9 Woźniak
24%
6 Kamiński/Kamińska
22%
14 Jankowski/Jankowska
19%
19 Piotrowski/Piotrowska
17%
16 Wojciechowski/Wojciechowska
17%
12 Kozłowski/Kozłowska
12%
17 Krawczyk
12%
13 Mazur
12%
18 Kaczmarek
10%
15 Kwiatkowski/Kwiatkowska
10%
20 Grabowski/Grabowska
9%
Nie znaleziono quizów pasujących do podanych kryteriów
Rozkład punktacji
Procent ludzi z każdym wynikiem
Percentyl według liczby udzielonych odpowiedzi
Twoja historia wyników
Nie rozwiązałeś tego quizu